The changing nature of Scotland (Record no. 112852)

MARC details
000 -LEADER
fixed length control field 01015cad a22002655a 4500
001 - CONTROL NUMBER
control field E154119
008 - FIXED-LENGTH DATA ELEMENTS--GENERAL INFORMATION
fixed length control field 111017s2011 xxk f 000 0 eng d
020 ## - INTERNATIONAL STANDARD BOOK NUMBER
International Standard Book Number 9780114973599
035 ## - SYSTEM CONTROL NUMBER
System control number (Sirsi) u154119
041 0# - LANGUAGE CODE
Language code of text/sound track or separate title eng
110 2# - MAIN ENTRY--CORPORATE NAME
Corporate name or jurisdiction name as entry element Scottish Natural Heritage
9 (RLIN) 2794
245 04 - TITLE STATEMENT
Title The changing nature of Scotland
Medium [electronic resource]
260 ## - PUBLICATION, DISTRIBUTION, ETC.
Place of publication, distribution, etc. Inverness
Name of publisher, distributor, etc. Scottish Natural Heritage
Date of publication, distribution, etc. 2011
520 ## - SUMMARY, ETC.
Summary, etc. Looks at how the Scottish natural and built environment is changing, and examines how this is being dealt with.
590 ## - LOCAL NOTE (RLIN)
Local note KA
651 #4 - SUBJECT ADDED ENTRY--GEOGRAPHIC NAME
Geographic name Scotland
Chronological subdivision 1999-
690 ## - LOCAL SUBJECT ADDED ENTRY--TOPICAL TERM (OCLC, RLIN)
Topical term or geographic name as entry element ENVIRONMENTAL AND LAND CONSULTANCY-LAND MANAGEMENT
700 1# - ADDED ENTRY--PERSONAL NAME
Personal name Marrs, Susan J.
Relator term Editor
700 1# - ADDED ENTRY--PERSONAL NAME
Personal name Foster, Simon
Relator term Editor
700 1# - ADDED ENTRY--PERSONAL NAME
Personal name Hendrie, Catriona
Relator term Editor
700 1# - ADDED ENTRY--PERSONAL NAME
Personal name Mackey, Edward C.
Relator term Editor
700 1# - ADDED ENTRY--PERSONAL NAME
Personal name Thompson, Des B. A.
Relator term Editor
856 40 - ELECTRONIC LOCATION AND ACCESS
Uniform Resource Identifier <a href="https://www.tsoshop.co.uk/parliament/bookstore.asp?Action=Book&ProductId=9780114973599">https://www.tsoshop.co.uk/parliament/bookstore.asp?Action=Book&ProductId=9780114973599</a>
Public note Download sections of the book at www.tsoshop.co.uk
942 ## - ADDED ENTRY ELEMENTS (KOHA)
Suppress in OPAC 0
Holdings
Withdrawn status Lost status Source of classification or shelving scheme Damaged status Not for loan Home library Current library Shelving location Date acquired Total Checkouts Full call number Barcode Date last seen Copy number Price effective from Koha item type
    Dewey Decimal Classification     Virtual Virtual Online 17/10/2011   ONLINE PUBLICATION 154119-2001 06/08/2019 1 06/08/2019 Book